| Tag |
First Indicator |
Second Indicator |
Subfields |
| LEADER |
00000pam a2200000 a 4500 |
| 001 |
in00000423607 |
| 005 |
20151012055433.0 |
| 008 |
860116s1986 alua b 00100 eng |
| 010 |
|
|
|a 86000539
|
| 020 |
|
|
|a 0891350543 (pbk.)
|
| 035 |
|
|
|a (OCoLC)13124077
|
| 035 |
|
|
|9 ABV0521AM
|
| 039 |
0 |
|
|a 2
|b 3
|c 3
|d 3
|e 3
|
| 040 |
|
|
|a DLC
|c DLC
|d TXA
|d UtOrBLW
|
| 049 |
|
|
|a TXAM
|c [A09747834]
|
| 050 |
0 |
0 |
|a BF723.M54
|b H357 1986
|
| 082 |
0 |
|
|a 155.2
|2 19
|
| 245 |
0 |
0 |
|a Handbook of moral development :
|b models, processes, techniques, and research /
|c edited by Gary L. Sapp.
|
| 264 |
|
1 |
|a Birmingham, Ala. :
|b Religious Education Press,
|c [1986]
|
| 264 |
|
4 |
|c ©1986
|
| 300 |
|
|
|a 296 pages :
|b illustrations ;
|c 23 cm.
|
| 336 |
|
|
|a text
|b txt
|2 rdacontent
|
| 337 |
|
|
|a unmediated
|b n
|2 rdamedia
|
| 338 |
|
|
|a volume
|b nc
|2 rdacarrier
|
| 504 |
|
|
|a Includes bibliographies and indexes.
|
| 650 |
|
0 |
|a Moral development.
|
| 650 |
|
0 |
|a Moral development
|x Research.
|
| 700 |
1 |
|
|a Sapp, Gary L.
|
| 999 |
|
|
|a MARS
|
| 999 |
f |
f |
|s 555f68d7-2955-37da-894b-91e2005e1708
|i d61e0391-f58b-3f46-8fe4-3298ccb6c80c
|t 0
|
| 952 |
f |
f |
|p ric
|a Texas A&M University
|b Rellis Campus
|c Joint Library Facility
|d Remote Storage
|t 0
|e BF723.M54 H357 1986
|h Library of Congress classification
|i unmediated -- volume
|m A14809747834
|
| 998 |
f |
f |
|a BF723.M54 H357 1986
|t 0
|l Remote Storage
|